Rhetorica / (Record no. 159224)

MARC details
000 -LEADER
campo de control de longitud fija 00795nam a22002415i 4500
001 - NÚMERO DE CONTROL
campo de control 159224
003 - IDENTIFICADOR DE NÚMERO DE CONTROL
campo de control ES-MaACL
005 - FECHA Y HORA DE LA ÚLTIMA TRANSACCIÓN
campo de control 20230906211511.0
008 - DATOS DE LONGITUD FIJA--INFORMACIÓN GENERAL
campo de control de longitud fija 940202s1786 sp |||| | spa d
040 ## - FUENTE DE CATALOGACIÓN
Centro catalogador/agencia de origen AR
Lengua de catalogación spa
100 1# - ENTRADA PRINCIPAL--NOMBRE DE PERSONA
Nombre de persona Mayáns y Siscar, Gregorio.
9 (RLIN) 79333
245 10 - MENCIÓN DEL TÍTULO
Título Rhetorica /
Mención de responsabilidad, etc. de Don Gregorio Mayans i Siscar ; tomo II.
250 ## - MENCION DE EDICION
Mención de edición Segunda edicion.
260 ## - PUBLICACIÓN, DISTRIBUCIÓN, ETC.
Lugar de publicación, distribución, etc. En Valencia :
Nombre del editor, distribuidor, etc. por Josef i Thomas de Orga,
Fecha de publicación, distribución, etc. 1786.
300 ## - DESCRIPCIÓN FÍSICA
Extensión [2], 558 p. ;
Dimensiones 8º.
596 ## - NOTA AL PIE DE IMPRENTA
NOTA AL PIE DE IMPRENTA Marca tip. en port.
597 ## - NOTA DE DESCRIPCIÓN FÍSICA
NOTA DE DESCRIPCIÓN FÍSICA Sign.: A-Z\p8\s, 2A-2M\p8\s.
650 #4 - PUNTO DE ACCESO ADICIONAL DE MATERIA--TÉRMINO DE MATERIA
Término de materia o nombre geográfico como elemento de entrada Retórica.
9 (RLIN) 16882
700 1# - ENTRADA AGREGADA--NOMBRE PERSONAL
Nombre de persona Orga, José de,
Término indicativo de función/relación
9 (RLIN) 130685
700 1# - ENTRADA AGREGADA--NOMBRE PERSONAL
Nombre de persona Orga, Tomás de,
Término indicativo de función/relación
9 (RLIN) 130690
752 ## - ENTRADA AGREGADA--NOMBRE JERÁRQUICO DEL LUGAR
País o entidad superior España -
Ciudad , Valencia
852 ## - LOCALIZACIÓN
Ubicación ES-MaACL
Número de control de estantería R-463-64
Nota libre - Enc. pasta española
Encuadernación Olim: G-483-4
Holdings
Estatus retirado Estado de pérdida Estado de daño No para préstamo Colección Biblioteca de origen Biblioteca actual Ubicación en estantería Fecha de adquisición Total de préstamos Signatura topográfica completa Código de barras Visto por última vez Precio de reemplazo Tipo de ítem Koha
        Libros del s. XVIII Biblioteca del Ateneo de Madrid Biblioteca del Ateneo de Madrid Depósito 17/01/2008   R-463-64 1166682 23/02/2023 23/02/2023 Libro impreso antiguo